Central Library OPAC University of Rajshahi

The fourteenth century, 1307-1399 / (Record no. 24720)

MARC details
000 -LEADER
fixed length control field 00871cam a2200277 a 4500
001 - CONTROL NUMBER
control field 24720
003 - CONTROL NUMBER IDENTIFIER
rucl marc code BD-RjUL
005 - DATE AND TIME OF LATEST TRANSACTION
control field 20211209001105.0
008 - FIXED-LENGTH DATA ELEMENTS--GENERAL INFORMATION
fixed length control field 140315r19661959enkabj b 001 0 eng d
020 ## - INTERNATIONAL STANDARD BOOK NUMBER
International Standard Book Number 0198217129
035 ## - SYSTEM CONTROL NUMBER
System control number (BD-RjUL)24789
040 ## - CATALOGING SOURCE
Original cataloging agency ALT
Transcribing agency ALT
Language of cataloging eng
Modifying agency BD-RJUL
041 ## - LANGUAGE CODE
Language code of text/sound track or separate title eng
082 04 - DEWEY DECIMAL CLASSIFICATION NUMBER
Classification number 942.038
Author mark and year MCF 1966
100 1# - MAIN ENTRY--PERSONAL NAME
Personal name McKisack, May.
9 (RLIN) 76092
245 14 - TITLE STATEMENT
Title The fourteenth century, 1307-1399 /
Statement of responsibility, etc. by May McKisack.
260 ## - PUBLICATION, DISTRIBUTION, ETC. (IMPRINT)
Place of publication, distribution, etc. Oxford :
Name of publisher, distributor, etc. Clarendon Press,
Date of publication, distribution, etc. 1959 [Reprinted 1966].
300 ## - PHYSICAL DESCRIPTION
Pagination xix, 598 p, [1] folded leaf :
Illustrations geneal tables., maps ;
Size 23 cm.
490 1# - SERIES STATEMENT
Series statement Oxford history of England ;
Volume/sequential designation 5
500 ## - GENERAL NOTE
General note ISBN from 1976 reprint.
504 ## - BIBLIOGRAPHY, ETC. NOTE
Bibliography, etc Bibliography: p. [533]-566.
651 #0 - SUBJECT ADDED ENTRY--GEOGRAPHIC NAME
Geographic name Great Britain
General subdivision History
Chronological subdivision 14th century.
9 (RLIN) 76093
830 #0 - SERIES ADDED ENTRY--UNIFORM TITLE
Volume number/sequential designation 5
Uniform title Oxford history of England ;
942 ## - ADDED ENTRY ELEMENTS (KOHA)
Source of classification or shelving scheme Dewey Decimal Classification
Koha item type Books
Holdings
Lost status Source of classification or shelving scheme Damaged status Not for loan Collection code Permanent Location Current Location Shelving location Date acquired Source of acquisition Cost, normal purchase price Total Checkouts Full call number Date last seen Copy number Koha item type
  Dewey Decimal Classification   Added to bundle Non-fiction Central Library, University of Rajshahi Central Library, University of Rajshahi Reading Room 22/09/1970 Zeitlinger 42.00   942.038 MCF 1966 15/03/2014 C-1 Books